Reflexiones sobre la gestión del agua en América Latina y el Caribe : (Record no. 6620)

MARC details
000 -LEADER
fixed length control field 01068nam a22002657a 4500
005 - DATE AND TIME OF LATEST TRANSACTION
control field 20210429133933.0
007 - PHYSICAL DESCRIPTION FIXED FIELD--GENERAL INFORMATION
fixed length control field cr
008 - FIXED-LENGTH DATA ELEMENTS--GENERAL INFORMATION
fixed length control field 200507cr ||||| |||| 00| 0 eng d
020 ## - INTERNATIONAL STANDARD BOOK NUMBER
International Standard Book Number 978-92-1-004756-2 (versión digital)
100 1# - MAIN ENTRY--PERSONAL NAME
9 (RLIN) 12353
Personal name Jouravlev, Andrei
Relator term comp.
245 10 - TITLE STATEMENT
Title Reflexiones sobre la gestión del agua en América Latina y el Caribe :
Remainder of title Textos seleccionados 2002-2020 /
Statement of responsibility, etc compiladores Andrei Jouravlev, Silvia Saravia Matus y Marina Gil Sevilla
260 ## - PUBLICATION, DISTRIBUTION, ETC. (IMPRINT)
Place of publication, distribution, etc Santiago de Chile:
Name of publisher, distributor, etc Naciones Unidas,
Date of publication, distribution, etc 2021
300 ## - PHYSICAL DESCRIPTION
Extent 332 p.
Other physical details Digital
440 ## - SERIES STATEMENT/ADDED ENTRY--TITLE
9 (RLIN) 9437
Title Páginas Selectas de la CEPAL
650 27 - SUBJECT ADDED ENTRY--TOPICAL TERM
Source of heading or term agrovoc
9 (RLIN) 3942
Topical term or geographic name as entry element POLÍTICAS PÚBLICAS
650 27 - SUBJECT ADDED ENTRY--TOPICAL TERM
Source of heading or term agrovoc
9 (RLIN) 5445
Topical term or geographic name as entry element AGUA POTABLE
650 27 - SUBJECT ADDED ENTRY--TOPICAL TERM
Source of heading or term agrovoc
9 (RLIN) 12356
Topical term or geographic name as entry element USO DEL AGUA
650 27 - SUBJECT ADDED ENTRY--TOPICAL TERM
Source of heading or term agrovoc
9 (RLIN) 9665
Topical term or geographic name as entry element ENERGÍA
650 27 - SUBJECT ADDED ENTRY--TOPICAL TERM
Source of heading or term agrovoc
9 (RLIN) 8855
Topical term or geographic name as entry element ALIMENTACIÓN
700 1# - ADDED ENTRY--PERSONAL NAME
9 (RLIN) 12354
Personal name Saravia Matus, Silvia
Relator term comp.
700 1# - ADDED ENTRY--PERSONAL NAME
9 (RLIN) 12355
Personal name Gil Sevilla, Marina
Relator term comp.
856 ## - ELECTRONIC LOCATION AND ACCESS
Uniform Resource Identifier <a href="http://repositorio.cepal.org/handle/11362/46792">http://repositorio.cepal.org/handle/11362/46792</a>
942 ## - ADDED ENTRY ELEMENTS (KOHA)
Source of classification or shelving scheme Dewey Decimal Classification
Item type Libro electrónico
980 ## - EQUIVALENCE OR CROSS-REFERENCE-SERIES STATEMENT--PERSONAL NAME/TITLE [LOCAL, CANADA]
Linkage 19226
Personal name Palazón
Field link and sequence number 19226
Miscellaneous information Palazón
Holdings
Withdrawn status Lost status Source of classification or shelving scheme Damaged status Not for loan Collection code Home library Current library Date acquired Date last seen Uniform Resource Identifier Price effective from Koha item type
    Dewey Decimal Classification   Acceso en línea Recursos en Línea Biblioteca Central Biblioteca Central 19/04/2021 19/04/2021 http://repositorio.cepal.org/handle/11362/46792 19/04/2021 Libro electrónico

Lunes a Viernes 8:30 a 19:00 hs. Cerrado por mudanza
Av.Calchaqui 6200 Florencio Varela (CP188) 2°piso Edificio Mosconi Aula 209-210
Mail: bibliotecacentralunaj@gmail.com  
Whatsapp(54 9)1122668024    ❔Pregunte a la bibliotecaria
© Universidad Nacional Arturo Jauretche | Secretaría Académica | Biblioteca Central UNAJ